• 首页
  • 本馆介绍
  • 公告通知
  • 最新文献
  • 馆藏检索
  • 电子资源
  • 读者导购
  • 参考咨询
  • 我的图书馆
  • 登录
  • 详细信息显示
  • 放入我的书架
  • 预约/预借图书
  • 作者相关作品
  • 分类相关作品
  • 丛书相关作品
  • 出版社相关作品

书目信息

  • 表格格式
  • 工作单格式
  • 卡片格式
题名:
党员修养漫谈
    
 
作者: ;上海人民出版社 编
分册:  
出版信息: 上海   上海人民出版社  1981
页数: 84页
开本: 19cm
丛书名:
单 册:
中图分类: D261 , D263
科图分类:
主题词: 党员-中国共产党-修养 , 修养-党员-中国共产党 , 中国共产党
电子资源:
ISBN:
000 00767nam0 2200277 45
001 0181002588
005 20060809171313.81
010    @dCNY0.19
091    @a3074.610
100    @a19950705d1981 em y0chiy0121 ea
101 0  @achi
102    @aCN@b310000
105    @ay z 000yy
200 10 @a党员修养漫谈@Adang yuan xiu yang man tan@f上海人民出版社编
210    @a上海@c上海人民出版社@d1981
215    @a84页@d19cm
601 02 @a中国共产党@x党员@x修养
606    @a党员-中国共产党-修养
606    @a修养-党员-中国共产党
606 0  @a中国共产党
690    @aD261
690    @aD263@v3
711 02 @a上海人民出版社@Ashang hai ren min chu ban she@4编
801  2 @aCN@bNLC@c20060809
801  0 @aCN@b上海图书馆@c20060728
905    @f2@b61766-767@dD261@e4
    
    党员修养漫谈/上海人民出版社编.-上海:上海人民出版社,1981
    84页;19cm
    
    
    ISBN :CNY0.19
    
●
相关链接 在E读中查询图书 在五车中查询图书 在当当中查询图书 在豆瓣中查询图书


正题名:党员修养漫谈     索取号:D261/4         预约/预借

序号 登录号 条形码 馆藏地/架位号 状态 备注
1 0061765   001758903   密集书库/ [索取号:D261/4] 在馆    
2 0061766   000380625   第一样本阅览室/ [索取号:D261/4] 在馆    
3 0061767   000380616   密集书库/ [索取号:D261/4] 在馆    
4 0440626   204406268   密集书库/ [索取号:D261/4] 在馆    
5 0440635   204406357   密集书库/ [索取号:D261/4] 在馆    
6 0448149   204481499   密集书库/ [索取号:D261/4] 在馆    
7 0448150   204481505   密集书库/ [索取号:D261/4] 在馆    
8 0448151   204481514   密集书库/ [索取号:D261/4] 在馆    
唐山师范学院图书馆 欢迎您!
大连网信软件有限公司© 版权所有